000 00487nam a2200205Ia 4500
008 210210b1964 xxu||||| |||| 00| 0 eng d
041 _aeng
082 _a320/270
100 _aIRISH (Marian D) Ed
245 _aContinuing crisis in American politics
260 _aNew Delhi
_bM Sundaram
_c1964
300 _aix,174
650 _apolitics
650 _ain
650 _acrisis
650 _aContinuing
650 _aAmerican
690 _aPolitical Science
906 _a002018
999 _c118075
_d118075